| 000 | | | 04470nmc2a2200000 x 450 |
| 001 | | | ecff1b32-b360-4891-9ee8-a410c9ba8527 |
| 005 | | | 20170414182827.0 |
| 100 | ## | $a | 20140609l18511852k l0rusy0189 ca |
| 101 | 0# | $a | rus |
| 102 | ## | $a | RU |
| 200 | 1# | $a | Дело о предоставлении права профессору православного богословия, логики и психологии Дерптского университета священику П.П. Алексееву принимать участие во всех заседаниях университетского совета; о донесении его Синоду о преобладании в университете "лютеранского духа" |
| | $j | 28 августа 1851 г. - 10 апреля 1852 г. |
| 251 | ## | $c | Дело |
| 300 | ## | $a | Дело |
| 300 | ## | $a | Ориг. заголовок дела: Дело о допущении профессора богословия, логики и психологии в Дерптском университете к принятию участия во всех заседаниях университетского совета. 28 августа 1851 г. - 10 апреля 1852 г |
| 801 | #0 | $a | RU |
| | $b | РГИА |
| | $c | 20140609 |
| | $g | RCR |
| 801 | #1 | $a | RU |
| | $b | ГлавНИВЦ |
| | $c | 20140609 |
| | $2 | rusmarc |
| 801 | #2 | $a | RU |
| | $b | ПБ им. Б.Н. Ельцина |
| | $c | 20170414 |
| | $g | RCR |
| | $2 | rusmarc |
| 850 | ## | $a | РГИА |
| 852 | ## | $a | РГИА |
| | $e | Федеральное казенное учреждение "Российский государственный исторический архив" (РГИА) |
| | $j | 374 |
| 937 | ## | $h | РГИА |
| | $d | 11175319 |
| | $a | ASBIBLIO_SCAN |
| 462 | #0 | $1 | 001fe4edb2a-8658-4269-9710-afcb460e1db3 |
| | $1 | 2001 |
| | $a | Дела Департамента народного просвещения по Дерптскому учебному округу за 1837-1862 гг. |
| | $1 | 251 |
| | $c | Опись |
| | $1 | 852 |
| | $j | 57 |
| 461 | #0 | $1 | 001a74412a3-3cc5-4d21-8f0a-dfe2fbd9e72d |
| | $1 | 2001 |
| | $a | Департамент народного просвещения Министерства народного просвещения (1803-1917) |
| | $1 | 251 |
| | $c | Фонд |
| | $1 | 852 |
| | $j | 733 |
| 215 | ## | $a | 17 л. |
| | $d | 36,5х26 см |
| 371 | ## | $a | Документ не является опубликованным и широко распространяемым |
| 105 | ## | $a | y### |
| 122 | 2# | $a | d |
| 517 | 1# | $a | Дело о допущении профессора богословия, логики и психологии в Дерптском университете к принятию участия во всех заседаниях университетского совета. 28 августа 1851 г. - 10 апреля 1852 г. |
| 035 | ## | $a | ecff1b32-b360-4891-9ee8-a410c9ba8527 |
| 856 | ## | $u | http://readingroom.main.prlib.ru/item.aspx?id_node=n96999851&mode=full |